| 000 | 00933cam a22001934a 4500 | ||
|---|---|---|---|
| 005 | 20250605163504.0 | ||
| 008 | 250528s ||||||||||||||||||||||||d | ||
| 035 | _a20357 | ||
| 020 | _a103519 | ||
| 040 |
_aGR-AtMCL _bgre _dGR-AtMCL _eAACR2 |
||
| 245 | 1 | _aCommunication Arts | |
| 260 |
_bCoyne & Blanchard, Inc, _c1999 |
||
| 300 | _a204 | ||
| 505 | 0 | _aFeatures, Kenji Toma, Mike Benny, Eco, Exhibit, Technology Feature, Technology Resources, Conference Review, Columns, Design Issues, Legal Affairs, Advertising, Departments, Contributors, Book Reviews, Clubs and Conferences and Seminars, Directory. | |
| 520 | _aFeatures, Kenji Toma, Mike Benny, Eco, Exhibit, Technology Feature, Technology Resources, Conference Review, Columns, Design Issues, Legal Affairs, Advertising, Departments, Contributors, Book Reviews, Clubs and Conferences and Seminars, Directory. | ||
| 942 | _cBK | ||
| 999 |
_c5477 _d5477 |
||